Nuevo tratado de corte y confección (Record no. 81106)
[ view plain ]
| 000 -LEADER | |
|---|---|
| campo de control de longitud fija | 00794nam a2200181 i 4500 |
| 001 - NÚMERO DE CONTROL | |
| campo de control | 81106 |
| 003 - IDENTIFICADOR DE NÚMERO DE CONTROL | |
| campo de control | ES-MaACL |
| 005 - FECHA Y HORA DE LA ÚLTIMA TRANSACCIÓN | |
| campo de control | 20230906174354.0 |
| 007 - CAMPO FIJO DE DESCRIPCIÓN FÍSICA--INFORMACIÓN GENERAL | |
| campo de control de longitud fija | t| |
| 008 - DATOS DE LONGITUD FIJA--INFORMACIÓN GENERAL | |
| campo de control de longitud fija | 041103s1946 sp af |||| | spa d |
| 100 1# - ENTRADA PRINCIPAL--NOMBRE DE PERSONA | |
| Nombre de persona | Hoyos Cascón, María Concepción. |
| 9 (RLIN) | 156682 |
| 245 10 - MENCIÓN DEL TÍTULO | |
| Título | Nuevo tratado de corte y confección |
| Resto del título | : sistema Hoyos expuesto a medidas directas : contiene las reglas necesarias para cortar y confeccionar toda clase de prendas de vestir y ropa blanca, para señora, caballero y niños : trajes regionales y de época : ilustraciones en grabados / |
| Mención de responsabilidad, etc. | por Mª Concepción Hoyos Cascón. |
| 250 ## - MENCION DE EDICION | |
| Mención de edición | 3ª ed. |
| 260 ## - PUBLICACIÓN, DISTRIBUCIÓN, ETC. | |
| Lugar de publicación, distribución, etc. | Madrid : |
| Nombre del editor, distribuidor, etc. | [s.n.], |
| Fecha de publicación, distribución, etc. | 1946 ( |
| Fabricante | Versal) |
| 300 ## - DESCRIPCIÓN FÍSICA | |
| Extensión | 178 p., 8 lám. : |
| Otras características físicas | il. ; |
| Dimensiones | 27 cm. |
| 650 #4 - PUNTO DE ACCESO ADICIONAL DE MATERIA--TÉRMINO DE MATERIA | |
| Término de materia o nombre geográfico como elemento de entrada | Corte y confección. |
| 9 (RLIN) | 139229 |
| 852 ## - LOCALIZACIÓN | |
| Ubicación | ES-MaACL |
| Número de control de estantería | D-7082 |
| Estatus retirado | Estado de pérdida | Estado de daño | No para préstamo | Biblioteca de origen | Biblioteca actual | Ubicación en estantería | Fecha de adquisición | Fuente de adquisición | Total de préstamos | Signatura topográfica completa | Código de barras | Visto por última vez | Precio de reemplazo | Tipo de ítem Koha |
|---|---|---|---|---|---|---|---|---|---|---|---|---|---|---|
| Biblioteca del Ateneo de Madrid | Biblioteca del Ateneo de Madrid | Sala Valle Inclán | 17/01/2008 | D-7082 | 901084786 | 23/02/2023 | 23/02/2023 | Libro impreso |
